000 00495nam a2200181Ia 4500
001 15502
005 20260306170201.0
008 260306t2015||||xx |||||||||||||| ||und||
041 _aESP
082 _a541.3
_bE89A
100 _aEspósito, María Graciela
_eAUT
245 0 _aFisicoquímica III:
_bestructura y transformaciones de la materia, intercambios de energía
260 _c2015
300 _a232 páginas :
_c27 cm.
650 _aGEN
654 _aCCN
942 _cLIB
_dJUS
_fJUS
_2ddc
_n
999 _c15502
_d15502